Hạt giống tâm hồn và ý nghĩa cuộc sống

Tallennettuna:
Bibliografiset tiedot
Päätekijä: Canfield, Jack
Aineistotyyppi: Kirja
Kieli:Undetermined
Julkaistu: Thành phố Hồ Chí Minh Tổng hợp Thành phố Hồ Chí Minh 2007
Aiheet:
Tagit: Lisää tagi
Ei tageja, Lisää ensimmäinen tagi!
Thư viện lưu trữ: Trung tâm Học liệu Trường Đại học Cần Thơ
LEADER 00609nam a2200193Ia 4500
001 CTU_123879
008 210402s9999 xx 000 0 und d
020 |c 19000 
082 |a 158.128 
082 |b C222/T5 
100 |a Canfield, Jack 
245 0 |a Hạt giống tâm hồn và ý nghĩa cuộc sống 
245 0 |c Jack Canfield, Mark Victor Hansen. 
260 |a Thành phố Hồ Chí Minh 
260 |b Tổng hợp Thành phố Hồ Chí Minh 
260 |c 2007 
650 |a Spiritual life. 
904 |i Minh 
980 |a Trung tâm Học liệu Trường Đại học Cần Thơ